000 00527nam a2200205Ia 4500
003 0100
008 130307s9999 xx 000 0 und d
040 _cARRUPELIB
050 _aB765.T54M27 1942
100 _aMaritain, Jacques
245 _aSaint Thomas and the problem of evil
245 _bunder the Auspices of the Aristotelian Society
260 _aMilwaukee
260 _bMarquette University Press
260 _c1942
300 _a46p.
300 _b18cm.
440 _aThe Aquinas Lecture, 1942
942 0 0 _01
999 _c84074
_d84074